[Event "Deutsche Ländermeisterschaft 2003"]
[Site "Kassel GER"]
[Date "2003.10.20"]
[Round "2"]
[White "de Wiljes, Jan-Hendrik"]
[Black "Boguslavskyy, Oleg"]
[Result "1-0"]
[Termination "normal"]
[Board "1.1"]
[WhiteElo "2254"]
[BlackElo "2340"]
[WhiteTeam "Niedersachsen"]
[BlackTeam "Baden"]
[PlyCount "119"]
[BlackFideId "14113929"]
[EventCountry "GER"]
[EventRounds "7"]
[EventType "team-swiss"]
[EventDate "2003.10.18"]

1. e4 e5 2. Nf3 Nc6 3. Bc4 Bc5 4. O-O Nf6 5. d3 d6 6. c3 O-O 7. Nbd2 a6 8. Bb3
Ba7 9. Nc4 b5 10. Ne3 Na5 11. Bc2 c5 12. Bb3 Be6 13. Bd5 Rb8 14. c4 Bxd5 15.
exd5 e4 16. dxe4 Nxe4 17. Qc2 Re8 18. b3 bxc4 19. bxc4 Qf6 20. Rb1 Rxb1 21.
Qxb1 Qc3 22. Bb2 Qb4 23. Qc2 f5 24. Ba1 f4 25. Rb1 fxe3 26. Rxb4 exf2+ 27. Kf1
cxb4 28. g3 Ng5 29. Bd4 Nxf3 30. Bxa7 Nxc4 31. Bxf2 Nfd2+ 32. Kg2 Re2 33. Qd3
Re4 34. Bb6 Kf7 35. Ba5 g6 36. Bxb4 Re3 37. Qd4 Re2+ 38. Kh3 Rxh2+ 39. Kg4 Ne5+
40. Kf4 g5+ 41. Kf5 Ndc4 42. Bxd6 Nxd6+ 43. Kxe5 Nb5 44. Qd3 Rh6 45. Qf5+ Ke8
46. Qxg5 Nd6 47. Qg8+ Ke7 48. Kd4 Nf7 49. Kc5 Rh2 50. a4 Rh6 51. Qc8 Rf6 52.
Qc7+ Ke8 53. d6 Rxd6 54. Qxd6 Nxd6 55. Kxd6 Kf7 56. Kc6 Ke6 57. Kb6 Kd5 58.
Kxa6 Kc6 59. g4 Kc5 60. g5 1-0

[Event "Deutsche Ländermeisterschaft 2003"]
[Site "Kassel GER"]
[Date "2003.10.20"]
[Round "2"]
[White "Strohhäker, Raoul"]
[Black "Lubbe, Nikolas"]
[Result "1/2-1/2"]
[Termination "normal"]
[Board "1.2"]
[WhiteElo "2106"]
[BlackElo "2103"]
[WhiteTeam "Baden"]
[BlackTeam "Niedersachsen"]
[PlyCount "74"]
[WhiteFideId "4687400"]
[BlackFideId "4694031"]
[EventCountry "GER"]
[EventRounds "7"]
[EventType "team-swiss"]
[EventDate "2003.10.18"]

1. c4 e5 2. Nc3 Nc6 3. g3 g6 4. Bg2 Bg7 5. e3 d6 6. Nge2 Bd7 7. Rb1 Nge7 8. d3
O-O 9. O-O Qc8 10. Nd5 f5 11. b4 Nxd5 12. cxd5 Ne7 13. Qb3 g5 14. f4 gxf4 15.
exf4 Kh8 16. fxe5 dxe5 17. Bg5 Qe8 18. Rbc1 Rc8 19. Qa3 a6 20. b5 Ng8 21. bxa6
bxa6 22. Bd2 Bb5 23. Bb4 Rf6 24. Rfe1 Qd7 25. Nc3 f4 26. Nxb5 axb5 27. Rxe5
fxg3 28. hxg3 Qg4 29. Re3 Bh6 30. Re4 Qxg3 31. Bc3 Be3+ 32. Kh1 Qg5 33. Rxe3
Qxe3 34. Rf1 Qh6+ 35. Kg1 Qe3+ 36. Kh1 Qh6+ 37. Kg1 Qe3+ 1/2-1/2

[Event "Deutsche Ländermeisterschaft 2003"]
[Site "Kassel GER"]
[Date "2003.10.20"]
[Round "2"]
[White "Wiegmann, Sascha"]
[Black "Hauser, Carlos"]
[Result "1-0"]
[Termination "normal"]
[Board "1.3"]
[WhiteElo "2156"]
[BlackElo "1903"]
[WhiteTeam "Niedersachsen"]
[BlackTeam "Baden"]
[PlyCount "91"]
[WhiteFideId "4682041"]
[BlackFideId "24608238"]
[EventCountry "GER"]
[EventRounds "7"]
[EventType "team-swiss"]
[EventDate "2003.10.18"]

1. e4 e5 2. Nf3 d6 3. d4 Nf6 4. dxe5 Nxe4 5. Qd5 Nc5 6. Bg5 Qd7 7. exd6 Bxd6 8.
Nc3 a6 9. O-O-O O-O 10. Be3 Qc6 11. Nd4 Qxd5 12. Nxd5 Bd7 13. Ne2 Ne6 14. Nb6
cxb6 15. Rxd6 b5 16. Nc3 Bc6 17. Nd5 Bxd5 18. Rxd5 Nc6 19. c3 Rad8 20. Rxd8
Rxd8 21. Be2 Ne5 22. Rd1 Rxd1+ 23. Kxd1 Kf8 24. b3 Ke7 25. f4 Nc6 26. g4 Nc7
27. a3 Nd5 28. Bd2 Nf6 29. Bf3 g6 30. Kc2 h5 31. h3 Kd6 32. Kd3 hxg4 33. hxg4
Nd8 34. c4 bxc4+ 35. bxc4 Nc6 36. Bc3 Ke6 37. Bxf6 Kxf6 38. Bxc6 bxc6 39. Kd4
a5 40. a4 Ke6 41. Kc5 Kd7 42. Kb6 Kd6 43. Kxa5 Kc5 44. Ka6 Kxc4 45. Kb6 c5 46.
a5 1-0

[Event "Deutsche Ländermeisterschaft 2003"]
[Site "Kassel GER"]
[Date "2003.10.20"]
[Round "2"]
[White "Becker, Erik"]
[Black "Bäumler, Ilja"]
[Result "1-0"]
[Termination "normal"]
[Board "1.4"]
[WhiteElo "2010"]
[BlackElo "2153"]
[WhiteTeam "Baden"]
[BlackTeam "Niedersachsen"]
[PlyCount "149"]
[WhiteFideId "4696921"]
[BlackFideId "4681070"]
[EventCountry "GER"]
[EventRounds "7"]
[EventType "team-swiss"]
[EventDate "2003.10.18"]

1. e4 e6 2. d3 d5 3. Nd2 Nf6 4. Ngf3 c5 5. g3 Nc6 6. Bg2 Be7 7. O-O O-O 8. e5
Nd7 9. Re1 b5 10. Nf1 a5 11. h4 b4 12. Bf4 a4 13. a3 bxa3 14. bxa3 Ba6 15. N1h2
Nd4 16. Nxd4 cxd4 17. Qg4 Kh8 18. Nf3 Bc5 19. Bg5 Qc7 20. Qf4 Qa7 21. Nh2 Rab8
22. Ng4 Rb2 23. Rec1 Qb8 24. Bh3 Bc8 25. h5 Nxe5 26. h6 Nxg4 27. hxg7+ Kxg7 28.
Qxg4 f5 29. Qh5 Kh8 30. Qh6 Qe5 31. Re1 Qg7 32. Qh4 Qg6 33. Be7 Bxe7 34. Qxe7
Qg7 35. Qc5 Bd7 36. Rab1 Rbb8 37. Qd6 Rbc8 38. Rb7 Rf7 39. Kh2 Rxc2 40. Kg2 Rc8
41. Reb1 h5 42. Ra7 Rcf8 43. Rbb7 Be8 44. Re7 Rxe7 45. Rxe7 Bf7 46. Ra7 h4 47.
Rxa4 hxg3 48. fxg3 Rc8 49. Qf4 Bh5 50. Qh4 Qh6 51. Qxd4+ Kg8 52. Qb2 Bd1 53.
Rh4 Qxh4 54. gxh4 Rc2+ 55. Qxc2 Bxc2 56. d4 Kg7 57. Kg3 Kf6 58. Kf4 Ba4 59. Bf1
Be8 60. Bd3 Ba4 61. Ba6 Be8 62. Bc8 Ba4 63. h5 Be8 64. h6 e5+ 65. dxe5+ Kg6 66.
Bxf5+ Kxh6 67. Ke3 Kg5 68. Bc8 Bc6 69. Kd4 Kf4 70. Be6 Ba4 71. Kxd5 Bb3+ 72.
Kd6 Ba4 73. Bd7 Bxd7 74. Kxd7 Kxe5 75. Kc6 1-0

[Event "Deutsche Ländermeisterschaft 2003"]
[Site "Kassel GER"]
[Date "2003.10.20"]
[Round "2"]
[White "Romakin, Helene"]
[Black "Kaczmarczyk, Dennis"]
[Result "0-1"]
[Termination "normal"]
[Board "1.5"]
[WhiteElo "2081"]
[BlackElo "1814"]
[WhiteTeam "Niedersachsen"]
[BlackTeam "Baden"]
[PlyCount "52"]
[WhiteFideId "24605964"]
[BlackFideId "24608297"]
[EventCountry "GER"]
[EventRounds "7"]
[EventType "team-swiss"]
[EventDate "2003.10.18"]

1. e4 e6 2. d4 d5 3. Nc3 Bb4 4. e5 c5 5. a3 Ba5 6. Nge2 cxd4 7. Qxd4 Nc6 8. Qg4
Nge7 9. b4 Bb6 10. f4 Nf5 11. Qf3 Bd7 12. Bd2 Rc8 13. Rc1 a6 14. Qh3 Ncd4 15.
Nxd4 Bxd4 16. Nd1 Bb5 17. c3 Ba7 18. Ne3 Bxe3 19. Bxe3 Bxf1 20. Rxf1 Rc4 21.
Kf2 Re4 22. Bd2 Qb6+ 23. Kf3 Re3+ 24. Bxe3 Qxe3+ 25. Kg4 h5+ 26. Kg5 Qb6 0-1

[Event "Deutsche Ländermeisterschaft 2003"]
[Site "Kassel GER"]
[Date "2003.10.20"]
[Round "2"]
[White "Mader, Manuela"]
[Black "Seeger, Franziska"]
[Result "1-0"]
[Termination "normal"]
[Board "1.6"]
[WhiteElo "1662"]
[BlackElo "2064"]
[WhiteTeam "Baden"]
[BlackTeam "Niedersachsen"]
[PlyCount "59"]
[WhiteFideId "24612928"]
[BlackFideId "4690982"]
[EventCountry "GER"]
[EventRounds "7"]
[EventType "team-swiss"]
[EventDate "2003.10.18"]

1. e4 e5 2. Nf3 Nc6 3. d4 exd4 4. Nxd4 Nf6 5. Nxc6 bxc6 6. Bd3 d5 7. exd5 cxd5
8. O-O Be7 9. Nd2 O-O 10. h3 c6 11. Nf3 Qc7 12. Re1 Re8 13. Bg5 Bd7 14. c3 h6
15. Bh4 Qb6 16. Qc2 c5 17. Ne5 Be6 18. Re2 g5 19. Bg3 Nh5 20. Bh2 Ng7 21. Rae1
Bd6 22. Kh1 Qc7 23. h4 g4 24. Qd2 h5 25. Qh6 Nf5 26. Bxf5 Bxf5 27. Qg5+ Bg6 28.
Nxg6 Rxe2 29. Rxe2 fxg6 30. Qxg6+ 1-0

[Event "Deutsche Ländermeisterschaft 2003"]
[Site "Kassel GER"]
[Date "2003.10.20"]
[Round "2"]
[White "Bradler, Stephan"]
[Black "Goergen, Barbara"]
[Result "1-0"]
[Termination "normal"]
[Board "1.7"]
[WhiteElo "1559"]
[BlackElo "1758"]
[WhiteTeam "Niedersachsen"]
[BlackTeam "Baden"]
[PlyCount "45"]
[WhiteFideId "24629367"]
[EventCountry "GER"]
[EventRounds "7"]
[EventType "team-swiss"]
[EventDate "2003.10.18"]

1. e4 c6 2. Nc3 d5 3. Nf3 dxe4 4. Nxe4 Bf5 5. Ng3 Bg6 6. h4 h6 7. Ne5 Qd6 8.
Nxg6 Qxg6 9. d4 Qd6 10. c3 Nf6 11. Bc4 e6 12. Qf3 Be7 13. Bf4 Qd8 14. O-O-O
Nbd7 15. Rhe1 Nd5 16. Nh5 Nxf4 17. Qxf4 O-O 18. Qg4 Bf6 19. Bd3 Re8 20. Re3 Nf8
21. Rf3 Kh8 22. Rxf6 g6 23. Rxf7 1-0

[Event "Deutsche Ländermeisterschaft 2003"]
[Site "Kassel GER"]
[Date "2003.10.20"]
[Round "2"]
[White "Frey, Alisa"]
[Black "Kickert, Germaine Helene"]
[Result "0-1"]
[Termination "normal"]
[Board "1.8"]
[WhiteElo "1396"]
[BlackElo "1315"]
[WhiteTeam "Baden"]
[BlackTeam "Niedersachsen"]
[PlyCount "130"]
[WhiteFideId "24634662"]
[BlackFideId "24614890"]
[EventCountry "GER"]
[EventRounds "7"]
[EventType "team-swiss"]
[EventDate "2003.10.18"]

1. e4 e5 2. Nf3 Nc6 3. Nc3 Nf6 4. d4 exd4 5. Nxd4 Be7 6. Nxc6 dxc6 7. Qxd8+
Bxd8 8. Bg5 O-O 9. O-O-O Be6 10. Be2 h6 11. Bh4 Nxe4 12. Nxe4 Bxh4 13. g3 Be7
14. a3 Rad8 15. Bd3 Bg4 16. Rde1 Rfe8 17. h3 Be6 18. g4 Bd6 19. Rhf1 Re7 20. f4
Rde8 21. Kd2 Bd5 22. Nxd6 cxd6 23. Rxe7 Rxe7 24. Re1 Rxe1 25. Kxe1 Kf8 26. Kf2
Ke7 27. Kg3 g6 28. Kh4 Kf6 29. c4 Bh1 30. b4 d5 31. a4 Be4 32. Be2 Ke6 33. g5
h5 34. a5 Kf5 35. Kg3 h4+ 36. Kxh4 Kxf4 37. c5 Bc2 38. b5 cxb5 39. Bxb5 a6 40.
c6 bxc6 41. Bxc6 d4 42. Bg2 d3 43. Bf1 d2 44. Be2 Ke3 45. Bf3 d1=Q 46. Bxd1
Bxd1 47. Kg3 Kd4 48. Kf4 Kd5 49. h4 Bh5 50. Ke3 Ke5 51. Kf2 Kf4 52. Kg2 Kg4 53.
Kh1 Kxh4 54. Kh2 Kxg5 55. Kg3 f5 56. Kh3 Kf4 57. Kg2 Kg4 58. Kf2 Kh3 59. Kg1
Kg3 60. Kf1 Kh2 61. Kf2 g5 62. Kf1 g4 63. Kf2 g3+ 64. Kf1 g2+ 65. Kf2 g1=Q# 0-1

[Event "Deutsche Ländermeisterschaft 2003"]
[Site "Kassel GER"]
[Date "2003.10.20"]
[Round "2"]
[White "Langrock, Hannes"]
[Black "Ortmann, David"]
[Result "1-0"]
[Termination "normal"]
[Board "2.1"]
[WhiteElo "2336"]
[BlackElo "2280"]
[WhiteTeam "Hamburg"]
[BlackTeam "Württemberg"]
[PlyCount "73"]
[WhiteFideId "4655290"]
[BlackFideId "4651588"]
[EventCountry "GER"]
[EventRounds "7"]
[EventType "team-swiss"]
[EventDate "2003.10.18"]

1. e4 e6 2. d4 d5 3. Nc3 Nf6 4. Bg5 Bb4 5. e5 h6 6. Bd2 Bxc3 7. Bxc3 Ne4 8. Ba5
O-O 9. Bd3 Nc6 10. Bxe4 Nxa5 11. Bd3 c5 12. dxc5 Qc7 13. Nf3 Qxc5 14. Qe2 Bd7
15. O-O-O a6 16. Kb1 Bb5 17. g4 Qb4 18. Rhg1 g6 19. h4 Kg7 20. Qe3 Bxd3 21.
cxd3 Qe7 22. Nd4 Nc6 23. Nxc6 bxc6 24. f4 f5 25. Qg3 Qf7 26. h5 Kh7 27. gxf5
gxf5 28. Qg6+ Qxg6 29. Rxg6 Rg8 30. Rdg1 a5 31. Rxg8 Rxg8 32. Rxg8 Kxg8 33. Kc2
Kf7 34. Kb3 Ke7 35. Ka4 d4 36. b3 Kd7 37. Kxa5 1-0

[Event "Deutsche Ländermeisterschaft 2003"]
[Site "Kassel GER"]
[Date "2003.10.20"]
[Round "2"]
[White "Mijatovic, Vladimir"]
[Black "Buchheister, Benjamin"]
[Result "1-0"]
[Termination "normal"]
[Board "2.2"]
[WhiteElo "2126"]
[BlackElo "1881"]
[WhiteTeam "Württemberg"]
[BlackTeam "Hamburg"]
[PlyCount "57"]
[WhiteFideId "934062"]
[BlackFideId "24601934"]
[EventCountry "GER"]
[EventRounds "7"]
[EventType "team-swiss"]
[EventDate "2003.10.18"]

1. e4 e6 2. Nf3 d5 3. Nc3 Nf6 4. e5 Nfd7 5. d4 c5 6. dxc5 Nxc5 7. Bd3 Be7 8.
O-O Nxd3 9. cxd3 O-O 10. d4 Nc6 11. a3 f6 12. Bf4 f5 13. Qd3 g5 14. Nxg5 Bxg5
15. Qg3 h6 16. h4 Rf7 17. hxg5 Rg7 18. g6 Qe8 19. Rad1 Rxg6 20. Qh3 Qf8 21. Rd3
Qg7 22. Ne2 b6 23. Rc1 Ba6 24. Rdc3 Bxe2 25. Rxc6 Bg4 26. Rc8+ Rxc8 27. Rxc8+
Kh7 28. Qc3 Bh5 29. Rc7 1-0

[Event "Deutsche Ländermeisterschaft 2003"]
[Site "Kassel GER"]
[Date "2003.10.20"]
[Round "2"]
[White "Zollondz, Mark"]
[Black "Stuhl, Alexander"]
[Result "1-0"]
[Termination "normal"]
[Board "2.3"]
[WhiteElo "1968"]
[BlackElo "2029"]
[WhiteTeam "Hamburg"]
[BlackTeam "Württemberg"]
[PlyCount "63"]
[BlackFideId "24601373"]
[EventCountry "GER"]
[EventRounds "7"]
[EventType "team-swiss"]
[EventDate "2003.10.18"]

1. d4 e6 2. c4 Nf6 3. g3 d5 4. Nf3 Bb4+ 5. Bd2 Be7 6. Nc3 O-O 7. Bg2 b6 8. O-O
c6 9. Qc2 Ba6 10. cxd5 cxd5 11. Rfe1 Nc6 12. Rac1 Rc8 13. Qa4 Bb7 14. a3 Ne4
15. Rc2 Na5 16. Ne5 f6 17. Nxe4 Rxc2 18. Qxc2 fxe5 19. Bxa5 bxa5 20. Nc5 Qc7
21. e3 Rc8 22. Rc1 Qb6 23. b4 axb4 24. axb4 exd4 25. Bh3 dxe3 26. Bxe6+ Qxe6
27. Nxe6 Rxc2 28. Rxc2 exf2+ 29. Kxf2 Bxb4 30. Rc7 Ba6 31. Rxg7+ Kh8 32. Rxa7
1-0

[Event "Deutsche Ländermeisterschaft 2003"]
[Site "Kassel GER"]
[Date "2003.10.20"]
[Round "2"]
[White "Häcker, Sonja"]
[Black "Schmidt, Armin"]
[Result "1-0"]
[Termination "normal"]
[Board "2.4"]
[WhiteElo "2028"]
[BlackElo "1803"]
[WhiteTeam "Württemberg"]
[BlackTeam "Hamburg"]
[PlyCount "47"]
[WhiteFideId "4680928"]
[BlackFideId "24610160"]
[EventCountry "GER"]
[EventRounds "7"]
[EventType "team-swiss"]
[EventDate "2003.10.18"]

1. e4 c6 2. d4 d5 3. Nc3 dxe4 4. Nxe4 Nf6 5. Nxf6+ gxf6 6. Nf3 Bg4 7. Be2 Qc7
8. Qd3 Nd7 9. Bd2 e6 10. O-O-O O-O-O 11. Nh4 Nc5 12. Qe3 Bxe2 13. Rde1 Nd3+ 14.
cxd3 Bh5 15. Kb1 Qb6 16. Bc3 Rd5 17. Qf4 f5 18. Qg5 Bg6 19. Qf6 Rg8 20. Nxg6
Rxg6 21. Qxf7 Bg7 22. Rxe6 Rxg2 23. Re8+ Rd8 24. Rhe1 1-0

[Event "Deutsche Ländermeisterschaft 2003"]
[Site "Kassel GER"]
[Date "2003.10.20"]
[Round "2"]
[White "Rohlfs, Ricarda"]
[Black "Plenca, Julijan"]
[Result "0-1"]
[Termination "normal"]
[Board "2.5"]
[WhiteElo "1671"]
[BlackElo "2059"]
[WhiteTeam "Hamburg"]
[BlackTeam "Württemberg"]
[PlyCount "74"]
[BlackFideId "14508044"]
[EventCountry "GER"]
[EventRounds "7"]
[EventType "team-swiss"]
[EventDate "2003.10.18"]

1. e4 e6 2. d4 d5 3. Nc3 Nf6 4. Bg5 Be7 5. e5 Nfd7 6. h4 c5 7. Bxe7 Kxe7 8. f4
a6 9. h5 Qb6 10. Na4 Qa5+ 11. c3 Nc6 12. Nxc5 Nxc5 13. dxc5 Qxc5 14. Qd2 Bd7
15. h6 g6 16. Nf3 Rac8 17. g4 Kd8 18. Ng5 Qe7 19. Qe3 d4 20. cxd4 Nb4 21. Bd3
Bb5 22. Bb1 Rc2 23. Qf3 Nd3+ 24. Kd1 Rf2 25. Qe3 Nxb2+ 26. Ke1 Re2+ 27. Qxe2
Bxe2 28. Kxe2 Kd7 29. Be4 b5 30. Rhc1 Nc4 31. a4 Qb4 32. Ra2 Qb3 33. Rac2 Qe3+
34. Kd1 Qxd4+ 35. Ke1 Qe3+ 36. Kd1 Ke7 37. Bc6 Rd8+ 0-1

[Event "Deutsche Ländermeisterschaft 2003"]
[Site "Kassel GER"]
[Date "2003.10.20"]
[Round "2"]
[White "Zikeli, Saskia"]
[Black "Chin, Karin"]
[Result "1-0"]
[Termination "normal"]
[Board "2.6"]
[WhiteElo "1867"]
[BlackElo "1762"]
[WhiteTeam "Württemberg"]
[BlackTeam "Hamburg"]
[PlyCount "61"]
[WhiteFideId "24601543"]
[BlackFideId "24608157"]
[EventCountry "GER"]
[EventRounds "7"]
[EventType "team-swiss"]
[EventDate "2003.10.18"]

1. e4 c5 2. Nf3 Nc6 3. d4 cxd4 4. Nxd4 g6 5. c4 Bg7 6. Be3 Nf6 7. Nc3 Ng4 8.
Qxg4 Nxd4 9. Qd1 Ne6 10. Qd2 Qa5 11. Rc1 b6 12. Qd5 Qxd5 13. cxd5 Nc5 14. f3
O-O 15. Be2 h6 16. O-O f5 17. b4 Nb7 18. Nb5 f4 19. Bd4 Bxd4+ 20. Nxd4 Nd6 21.
Rc7 a6 22. Rfc1 Rd8 23. Bd1 Ne8 24. R7c3 Bb7 25. Ba4 Rac8 26. Bxd7 Rxd7 27.
Rxc8 Bxc8 28. Rxc8 Kf7 29. Ne6 g5 30. Ra8 Rb7 31. Nd8+ 1-0

[Event "Deutsche Ländermeisterschaft 2003"]
[Site "Kassel GER"]
[Date "2003.10.20"]
[Round "2"]
[White "Stellfeld, Tilman"]
[Black "Sörös, Martin-Wolfgang"]
[Result "0-1"]
[Termination "normal"]
[Board "2.7"]
[WhiteElo "1210"]
[BlackElo "1656"]
[WhiteTeam "Hamburg"]
[BlackTeam "Württemberg"]
[PlyCount "79"]
[WhiteFideId "24651311"]
[EventCountry "GER"]
[EventRounds "7"]
[EventType "team-swiss"]
[EventDate "2003.10.18"]

1. d4 Nf6 2. Bg5 Ne4 3. Bf4 e6 4. Nf3 d5 5. e3 c5 6. Nbd2 Qb6 7. Rb1 Nc6 8.
dxc5 Bxc5 9. Nb3 Bd6 10. Bxd6 Nxd6 11. Nbd4 Qa5+ 12. c3 Qxa2 13. Bd3 Qa5 14.
Qc2 h6 15. O-O O-O 16. Nxc6 bxc6 17. Ne5 Qc7 18. h3 a5 19. Ra1 Ba6 20. Ra2 Bxd3
21. Qxd3 Ne4 22. Nf3 e5 23. Rfa1 Nc5 24. Qc2 a4 25. Ra3 Rfb8 26. Nd2 Qb7 27.
R1a2 e4 28. c4 Nd3 29. Rxd3 exd3 30. Qxd3 Rd8 31. cxd5 Rxd5 32. Qc3 c5 33. Nc4
Rd1+ 34. Kh2 Qc7+ 35. Qe5 Qxe5+ 36. Nxe5 Rd2 37. Kg3 a3 38. Rxa3 Rxa3 39. bxa3
Rc2 40. Kf3 0-1

[Event "Deutsche Ländermeisterschaft 2003"]
[Site "Kassel GER"]
[Date "2003.10.20"]
[Round "2"]
[White "Zikeli, Julia"]
[Black "Garny, Annica"]
[Result "1-0"]
[Termination "normal"]
[Board "2.8"]
[WhiteElo "1466"]
[BlackElo "1025"]
[WhiteTeam "Württemberg"]
[BlackTeam "Hamburg"]
[PlyCount "115"]
[WhiteFideId "24622753"]
[BlackFideId "24600660"]
[EventCountry "GER"]
[EventRounds "7"]
[EventType "team-swiss"]
[EventDate "2003.10.18"]

1. e4 e5 2. Nf3 Nc6 3. Bc4 Bc5 4. c3 Nf6 5. d4 exd4 6. cxd4 Bb4+ 7. Nc3 Nxe4 8.
O-O Bxc3 9. d5 Bf6 10. Re1 Ne7 11. Rxe4 d6 12. Bg5 Bxg5 13. Nxg5 h6 14. Qe2
hxg5 15. Re1 Be6 16. dxe6 f6 17. Re3 c6 18. Rh3 Rxh3 19. gxh3 g6 20. Qf3 Nf5
21. Bd3 Qa5 22. Qe2 O-O-O 23. e7 Nxe7 24. Qxe7 Rd7 25. Qe6 Kc7 26. Bxg6 Rd8 27.
Re2 Qc5 28. Qxf6 Qc1+ 29. Kg2 Qc4 30. Re7+ Kb6 31. Qf7 Qxf7 32. Rxf7 d5 33. Rf3
Kc5 34. Rd3 b5 35. Kg3 Rg8 36. Bf5 a5 37. Kg4 Kc4 38. Rc3+ Kd4 39. Rxc6 a4 40.
Rg6 Rxg6 41. Bxg6 Kc5 42. Kxg5 d4 43. Kf4 b4 44. Kf3 b3 45. a3 Kc4 46. Ke2 Kc5
47. Kd3 Kd5 48. h4 Ke5 49. h5 Kf6 50. Kxd4 Kg7 51. f4 Kf6 52. f5 Kg5 53. h4+
Kf4 54. f6 Kf3 55. f7 Ke2 56. f8=Q Kd2 57. Qf2+ Kc1 58. Qe1+ 1-0

[Event "Deutsche Ländermeisterschaft 2003"]
[Site "Kassel GER"]
[Date "2003.10.20"]
[Round "2"]
[White "Korotkevych, Stanislav"]
[Black "Silber, Henning"]
[Result "1/2-1/2"]
[Termination "normal"]
[Board "3.1"]
[WhiteElo "2320"]
[BlackElo "2303"]
[WhiteTeam "Nordrhein-Westfalen"]
[BlackTeam "Rheinland-Pfalz"]
[PlyCount "71"]
[WhiteFideId "14107309"]
[BlackFideId "4662024"]
[EventCountry "GER"]
[EventRounds "7"]
[EventType "team-swiss"]
[EventDate "2003.10.18"]

1. Nf3 d5 2. c4 e6 3. b3 c5 4. e3 Nf6 5. Bb2 Be7 6. Be2 O-O 7. O-O Nc6 8. cxd5
Nxd5 9. d4 cxd4 10. Nxd4 Nxd4 11. Bxd4 b6 12. Nd2 Bb7 13. Nc4 Rc8 14. Qd2 Bb4
15. Qb2 Qg5 16. g3 f6 17. f4 Qg6 18. a3 Bc5 19. Bxc5 Rxc5 20. Qd2 Rd8 21. Rad1
Rcc8 22. Bf3 Qe8 23. e4 b5 24. exd5 bxc4 25. bxc4 Rxc4 26. Rfe1 Qa4 27. Rxe6
Qxa3 28. Qe3 Qxe3+ 29. Rxe3 Rc7 30. Bg4 Bc8 31. Bf3 Bb7 32. Ra3 Ba8 33. Bg4 Rd6
34. Ra5 a6 35. Be2 Bb7 36. Bg4 1/2-1/2

[Event "Deutsche Ländermeisterschaft 2003"]
[Site "Kassel GER"]
[Date "2003.10.20"]
[Round "2"]
[White "Kühner, Christian"]
[Black "Fiebig, Thomas"]
[Result "1/2-1/2"]
[Termination "normal"]
[Board "3.2"]
[WhiteElo "2174"]
[BlackElo "2262"]
[WhiteTeam "Rheinland-Pfalz"]
[BlackTeam "Nordrhein-Westfalen"]
[PlyCount "69"]
[WhiteFideId "4679440"]
[BlackFideId "4693922"]
[EventCountry "GER"]
[EventRounds "7"]
[EventType "team-swiss"]
[EventDate "2003.10.18"]

1. Nf3 d5 2. g3 Nf6 3. Bg2 e6 4. O-O Be7 5. d3 O-O 6. Nbd2 c5 7. c4 Nc6 8. b3
b6 9. Bb2 Bb7 10. a3 Rc8 11. Ne5 Nxe5 12. Bxe5 Nd7 13. Bb2 Bf6 14. Qc2 Bxb2 15.
Qxb2 Qf6 16. Qxf6 Nxf6 17. b4 Rc7 18. b5 Ne8 19. a4 Nd6 20. a5 dxc4 21. Nxc4
Nxc4 22. dxc4 Bxg2 23. Kxg2 Rb8 24. axb6 axb6 25. Ra6 Kf8 26. Rfa1 Ke7 27. Ra7
Rbb7 28. Rxb7 Rxb7 29. Ra6 Kf6 30. e3 Kf5 31. Kf3 Ke5 32. Ke2 h5 33. h4 g6 34.
Ra8 Ke4 35. f3+ 1/2-1/2

[Event "Deutsche Ländermeisterschaft 2003"]
[Site "Kassel GER"]
[Date "2003.10.20"]
[Round "2"]
[White "Rehberg, Raphael"]
[Black "Armbrust, Florian"]
[Result "1-0"]
[Termination "normal"]
[Board "3.3"]
[WhiteElo "2042"]
[BlackElo "2205"]
[WhiteTeam "Nordrhein-Westfalen"]
[BlackTeam "Rheinland-Pfalz"]
[PlyCount "71"]
[WhiteFideId "4686799"]
[BlackFideId "4691350"]
[EventCountry "GER"]
[EventRounds "7"]
[EventType "team-swiss"]
[EventDate "2003.10.18"]

1. e4 c5 2. Nf3 Nc6 3. d4 cxd4 4. Nxd4 Nf6 5. Nc3 d6 6. Bc4 e6 7. Be3 Be7 8.
Qe2 a6 9. O-O-O Qc7 10. Bb3 Na5 11. g4 b5 12. g5 Nxb3+ 13. axb3 Nd7 14. Nf5
exf5 15. Nd5 Qd8 16. exf5 Bb7 17. f6 gxf6 18. gxf6 Bxd5 19. fxe7 Qa5 20. Bd4
Rg8 21. Rde1 Rg6 22. Qh5 Be6 23. Bc3 Qb6 24. Qxh7 Kxe7 25. Bb4 Nc5 26. f4 a5
27. Bc3 b4 28. f5 Rg4 29. fxe6 Nxe6 30. Rxe6+ Kxe6 31. Re1+ Kd5 32. Qxf7+ Kc5
33. Qf2+ Kb5 34. Qe2+ Kc6 35. Qf3+ Kc7 36. Re7+ 1-0

[Event "Deutsche Ländermeisterschaft 2003"]
[Site "Kassel GER"]
[Date "2003.10.20"]
[Round "2"]
[White "Völbel, Patrick"]
[Black "Zhang, Fan"]
[Result "1/2-1/2"]
[Termination "normal"]
[Board "3.4"]
[WhiteElo "1779"]
[BlackElo "1752"]
[WhiteTeam "Rheinland-Pfalz"]
[BlackTeam "Nordrhein-Westfalen"]
[PlyCount "94"]
[WhiteFideId "24622583"]
[BlackFideId "24609730"]
[EventCountry "GER"]
[EventRounds "7"]
[EventType "team-swiss"]
[EventDate "2003.10.18"]

1. d4 Nf6 2. c4 e6 3. Nc3 Bb4 4. e3 O-O 5. Nf3 b6 6. Bd3 Bb7 7. O-O Bxc3 8.
bxc3 Ne4 9. Qc2 f5 10. Ne1 Qh4 11. f3 Nf6 12. a4 d6 13. Ba3 Nbd7 14. Qd2 a5 15.
Rb1 Bc6 16. Bc2 Kh8 17. Nd3 Rfe8 18. Rbe1 e5 19. Nf2 Qg5 20. Kh1 Rad8 21. Bc1
Qh5 22. e4 f4 23. Ba3 Nf8 24. Qe2 N8d7 25. Nd3 Qh4 26. Qf2 Qh6 27. Rb1 Nh5 28.
Kg1 Nf8 29. dxe5 dxe5 30. Bxf8 Rxf8 31. Nxe5 Be8 32. Rfd1 Rxd1+ 33. Rxd1 Qg5
34. Rd5 Qe7 35. Qd2 Nf6 36. Nd3 Nxd5 37. cxd5 Qd6 38. c4 Bg6 39. Qc3 Qe7 40. e5
Bxd3 41. Bxd3 Qc5+ 42. Kf1 Re8 43. Be4 Kg8 44. Bf5 h5 45. Be6+ Kh8 46. Bf7 Re7
47. e6 Kh7 1/2-1/2

[Event "Deutsche Ländermeisterschaft 2003"]
[Site "Kassel GER"]
[Date "2003.10.20"]
[Round "2"]
[White "Beckmann, Emanuel"]
[Black "Hauck, Kerstin"]
[Result "1-0"]
[Termination "normal"]
[Board "3.5"]
[WhiteElo "1858"]
[BlackElo "1738"]
[WhiteTeam "Nordrhein-Westfalen"]
[BlackTeam "Rheinland-Pfalz"]
[PlyCount "41"]
[WhiteFideId "24608025"]
[EventCountry "GER"]
[EventRounds "7"]
[EventType "team-swiss"]
[EventDate "2003.10.18"]

1. e4 e5 2. Nc3 Nf6 3. f4 d5 4. fxe5 Nxe4 5. d3 Nxc3 6. bxc3 c5 7. Nf3 d4 8.
Be2 Be7 9. O-O Nc6 10. Qe1 O-O 11. Qg3 Kh8 12. Bg5 dxc3 13. Bxe7 Qxe7 14. Rae1
Be6 15. Ng5 Nd4 16. Bd1 Bxa2 17. Qh4 h6 18. Rf6 Qxf6 19. exf6 Bb1 20. fxg7+
Kxg7 21. Ne4 1-0